Evoluční aspekty fotobiologie /

Gespeichert in:
Bibliographische Detailangaben
Hauptverfasser: Masinovskij, Zinovij (Verfasst von), Věchet, Boleslav (Verfasst von)
Format: Buch
Sprache:Tschechisch
Veröffentlicht: Praha : Academia, 1986
Tags: Tag hinzufügen
Keine Tags, Fügen Sie das erste Tag hinzu!

MARC

LEADER 00000nam a22000003a 4500
001 stu18892
005 20150617225755.7
008 920527s1986----cs------------------cze-d
040 |a STU  |b slo 
041 0 |a cze 
044 |a cs 
080 |a 541.144.7 
100 1 |a Masinovskij, Zinovij  |4 aut 
245 1 |a Evoluční aspekty fotobiologie /  |c [aut.]Masinovskij,Zinovij, Věchet,Boleslav 
260 |a Praha :  |b Academia,  |c 1986 
300 |a 248 s :  |b Obr.,tab.,grafy,lit.,register 
700 1 |a Věchet, Boleslav  |4 aut 
996 |b C79182  |c C*79182  |l CCVIIIB  |s P  |a 0  |w stu18892_0001 
996 |b C90048  |c C*90048  |l CCVIIIB  |s P  |a 0  |w stu18892_0002